Membaca : satu pengenalan

Bibliographic Details
Format: Book
Published: Kuala Lumpur : Berita Publishing Sdn. Bhd. , 1990
Subjects:

MARC

LEADER 00000cam a2200000 7i4500
001 0000058135
005 20160106.0
008 160106
020 |a 978-9679692205 
090 0 0 |a 372.4   |b MEM 
245 1 0 |a Membaca : satu pengenalan 
260 |a Kuala Lumpur :   |b Berita Publishing Sdn. Bhd. ,   |c 1990 
300 |a 154pg 
500 |a Includes index 
650 0 |a Elementary education - reading 
999 |a 0000135454   |b Book   |c Adult Collection   |e Cawangan Muar